000 00496nam a2200181Ia 4500
005 20250923144711.0
008 008 250917s9999 xx 000 0 eng d
037 _aTextual
040 _aDSWL
_beng
_cDSWL
041 _aeng
_2eng
084 _qDSWL
100 _aBarwell, Marion
_9827526
245 0 _aIndia without sentiment
_cby Marion Barwell
260 _aCalcutta
_bNew Age Publishers Pvt. Ltd.
_c1960
300 _a230p.
942 _cTEXL
999 _c1442240
_d1442240